| 000 | 00943nam a2200229Ia 4500 | ||
|---|---|---|---|
| 999 |
_c3704 _d3704 |
||
| 003 | OSt | ||
| 005 | 20200407021432.0 | ||
| 008 | 191128s1977 ck gr 000 0 spa d | ||
| 040 |
_aCO-JMCR _cCO-JMCR |
||
| 041 | 0 | _aspa | |
| 082 | 0 | 4 |
_a322.42 / _bS211c _221 |
| 100 | 1 |
_aSánchez, Ricardo, _eautor _92638 |
|
| 245 | 1 | 3 |
_aLa crisis del bipartidismo y la constituyente / _cRicardo Sánchez |
| 260 |
_aBogotá : _bToro nuevo, _c1977 |
||
| 300 |
_a199 páginas ; _c17 cm. |
||
| 490 | 0 | _aEscritos políticos | |
| 505 | 0 | _aPolítica colombiana -- Política revolucionaria -- Política y cultura -- Política internacional | |
| 520 | _aEl lector encontrará en esta obra una serie de trabajos sobre la Constituyente y el régimen político que le mostrará una coherencia en el análisis y una precisión en las consignas. | ||
| 650 | 1 | 4 |
_aPartidos políticos _zColombia _92639 |
| 650 | 1 | 4 |
_aPolítica y gobierno _zColombia _92640 |
| 942 |
_2ddc _cBK |
||